Транспортное планирование: особенности моделирования транспортных потоков в крупных российских городах

Detalles Bibliográficos
Autor principal: Якимов М. Р. Михаил Ростиславович
Otros Autores: Арепьева А. А. Анна Алексеевна
Sumario:Рассмотрены основные особенности движения автотранспортных средств в крупных городах на примере г. Перми. Подробно изложены алгоритмы расчета, подходы и методы учета технических характеристик автомобилей и транспортного потока в процессе имитационного моделирования. Приводятся способы наблюдения и учета психофизиологических параметров поведения водителей при движении в городском транспортном потоке. Даны практические рекомендации по применению результатов расчетов, подходов и методов наблюдения в процессе имитационного моделирования.
Lenguaje:ruso
Publicado: Москва, Логос, 2016
Materias:
Formato: Libro
KOHA link:https://koha.lib.tpu.ru/cgi-bin/koha/opac-detail.pl?biblionumber=343297

MARC

LEADER 00000nam0a2200000 4500
001 343297
005 20231102005537.0
010 |a 9785987047095 
035 |a (RuTPU)RU\TPU\book\373323 
090 |a 343297 
100 |a 20190826d2016 k y0rusy50 ca 
101 0 |a rus 
102 |a RU 
105 |a a z 001zy 
200 1 |a Транспортное планирование: особенности моделирования транспортных потоков в крупных российских городах  |f М. Р. Якимов, А. А. Арепьева 
210 |a Москва  |c Логос  |d 2016 
215 |a 278 с.  |c ил. 
320 |a Библиогр.: с. 276-277 
330 |a Рассмотрены основные особенности движения автотранспортных средств в крупных городах на примере г. Перми. Подробно изложены алгоритмы расчета, подходы и методы учета технических характеристик автомобилей и транспортного потока в процессе имитационного моделирования. Приводятся способы наблюдения и учета психофизиологических параметров поведения водителей при движении в городском транспортном потоке. Даны практические рекомендации по применению результатов расчетов, подходов и методов наблюдения в процессе имитационного моделирования. 
606 1 |a Городской транспорт  |x Организация движения  |2 stltpush  |3 (RuTPU)RU\TPU\subj\8310  |9 35756 
610 1 |a крупные города 
610 1 |a Пермь 
610 1 |a транспортные потоки 
610 1 |a динамические характеристики 
610 1 |a формирование 
610 1 |a средства визуализации 
610 1 |a 3D-модели 
610 1 |a водители 
610 1 |a поведение 
610 1 |a психофизиологические особенности 
610 1 |a окружающая среда 
610 1 |a параметры 
610 1 |a учет 
610 1 |a PTV VISION VISSIM 
675 |a 656.1  |v 4 
700 1 |a Якимов  |b М. Р.  |g Михаил Ростиславович 
701 1 |a Арепьева  |b А. А.  |g Анна Алексеевна 
801 1 |a RU  |b 63413507  |c 20190826 
801 2 |a RU  |b 63413507  |c 20191003  |g RCR 
942 |c BK